La función del orientador (Record no. 209061)

MARC details
000 -CABECERA
campo de control de longitud fija 01210nam a2200337 a 4500
003 - IDENTIFICADOR DEL NÚMERO DE CONTROL
campo de control MX-MxUPN
005 - FECHA Y HORA DE LA ÚLTIMA TRANSACCIÓN
campo de control 20240810063759.0
008 - ELEMENTOS DE LONGITUD FIJA--INFORMACIÓN GENERAL
campo de control de longitud fija 991125r20142011mx r 000 0 spa u
020 ## - NÚMERO INTERNACIONAL NORMALIZADO PARA LIBROS
Número Internacional Estándar del Libro 9786071707413
035 ## - NÚMERO DE CONTROL DEL SISTEMA
Número de control de sistema UPN01000025473
040 ## - FUENTE DE LA CATALOGACIÓN
Centro catalogador/agencia de origen MX-MxUPN
Lengua de catalogación spa
Centro/agencia transcriptor Mx-MxUPN
041 1# - CÓDIGO DE IDIOMA
Código de lengua del texto/banda sonora o título independiente spa
Código de lengua original eng
050 #4 - SIGNATURA TOPOGRÁFICA DE LA BIBLIOTECA DEL CONGRESO
Número de clasificación BF637
Número de documento/Ítem T9.38
100 1# - ASIENTO PRINCIPAL--NOMBRE PERSONAL
Nombre de persona Tyler, Leona E.
Fechas asociadas al nombre 1906-1993
Forma completa/desarrollada del nombre (Leona Elizabeth),
9 (RLIN) 47696
240 14 - TÍTULO UNIFORME
Título uniforme The work of the counsellor.
Lenguaje de la obra Español
245 13 - MENCIÓN DE TÍTULO
Título La función del orientador
250 ## - MENCIÓN DE EDICIÓN
Mención de edición Tercera edición en español
260 ## - PUBLICACIÓN, DISTRIBUCIÓN, ETC.
Lugar de publicación, distribución, etc. México, D.F. :
Nombre del editor, distribuidor, etc. Trillas,
Fecha de publicación, distribución, etc. 2011 (reimpresión, 2014).
300 ## - DESCRIPCIÓN FÍSICA
Extensión 349 páginas :
Otras características físicas ilustraciones, tablas
490 ## - MENCIÓN DE SERIE
Mención de serie Biblioteca técnica de psicología
500 ## - NOTA GENERAL
Nota general Es bibliografía básica de la Licenciatura en Pedagogía.
500 ## - NOTA GENERAL
Nota general Traducción de: The work of the counselor.
610 24 - ASIENTO SECUNDARIO DE MATERIA - NOMBRE CORPORATIVO
Nombre de entidad corporativa o nombre de jurisdicción como elemento de entrada Universidad Pedagógica Nacional (México).
Unidad subordinada Licenciatura en Pedagogía
9 (RLIN) 50106
650 #4 - ASIENTO SECUNDARIO DE MATERIA - TERMINO TEMATICO
Término de materia o nombre geográfico como elemento de entrada Psicología aplicada
9 (RLIN) 16401
650 #4 - ASIENTO SECUNDARIO DE MATERIA - TERMINO TEMATICO
Término de materia o nombre geográfico como elemento de entrada Orientación psicológica
9 (RLIN) 10238
650 #4 - ASIENTO SECUNDARIO DE MATERIA - TERMINO TEMATICO
Término de materia o nombre geográfico como elemento de entrada Orientación vocacional
9 (RLIN) 5
700 1# - ASIENTO SECUNDARIO--NOMBRE DE PERSONAL
Nombre de persona Pineda Arce, José
Término indicativo de función/relación traducción
9 (RLIN) 47695
902 ## - ELEMENTOS DE DATOS B LOCAL, LDB (RLIN)
Creó NoemiAcosta/270123
942 ## - ELEMENTOS DE PUNTO DE ACCESO ADICIONAL (KOHA)
Fuente del sistema de clasificación o colocación Library of Congress Classification
Tipo de ítem Koha Libro
Holdings
Estado de retiro Estado de pérdida Fuente del sistema de clasificación o colocación Estado dañado No para préstamo Código de colección Localización permanente Ubicación/localización actual Ubicación en estantería Total de préstamos Clasificación Código de barras Fecha visto por última vez Número de copia Tipo de ítem Koha Fecha de adquisición Fecha del último préstamo Restricciones de uso Precio válido a partir de
    Library of Congress Classification     Colección General Bib. Gregorio Torres Quintero Bib. Gregorio Torres Quintero Planta baja 4 BF637 T9.38 308308 31/12/2020 1 Libro        
    Library of Congress Classification     Colección General Bib. Gregorio Torres Quintero Bib. Gregorio Torres Quintero Planta baja 4 BF637 T9.38 308309 16/10/2024 1 Libro 10/10/2024 10/10/2024    
    Library of Congress Classification     Colección General Bib. Gregorio Torres Quintero Bib. Gregorio Torres Quintero Planta baja 9 BF637 T9.38 308307 02/05/2023 1 Libro 30/03/2023 30/03/2023    
    Library of Congress Classification     Bibliografía básica Bib. Gregorio Torres Quintero Bib. Gregorio Torres Quintero Colecciones especiales Planta alta   BF637 T9.38 336118 27/01/2023 Ej.4 Libro por horas 27/01/2023   Préstamo por horas 27/01/2023
    Library of Congress Classification     Colección General Bib. Gregorio Torres Quintero Bib. Gregorio Torres Quintero Planta baja   BF637 T9.38 336119 27/01/2023 Ej.5 Libro 27/01/2023     27/01/2023
    Library of Congress Classification     Colección General Bib. Gregorio Torres Quintero Bib. Gregorio Torres Quintero Planta baja   BF637 T9.38 336120 27/01/2023 Ej.6 Libro 27/01/2023     27/01/2023